[Event "HUN-chT1 Maroczy 2324"]
[Site "Hungary"]
[Date "2023.10.08"]
[Round "1.5"]
[White "Gathi, Donat"]
[Black "Farkas, Adam"]
[Result "1-0"]
[WhiteElo "2184"]
[BlackElo "2154"]
[PlyCount "57"]
[EventDate "2023.10.08"]
[EventType "team-tourn"]
[EventRounds "11"]
[EventCountry "HUN"]
[SourceTitle "EXT 2025"]
[Source "ChessBase"]
[SourceDate "2024.10.14"]
[SourceVersion "1"]
[SourceVersionDate "2024.10.14"]
[SourceQuality "1"]
[WhiteTeam "DVTK EMSE"]
[BlackTeam "NYVSC"]
[WhiteTeamCountry "HUN"]
[BlackTeamCountry "HUN"]

1. e4 e6 2. d4 d5 3. Nd2 Nf6 4. e5 Nfd7 5. f4 c5 6. c3 Nc6 7. Ndf3 Qb6 8. g3 cxd4 9. cxd4 Bb4+ 10. Kf2 0-0 11. Kg2 f6 12. Bd3 Be7 13. Ne2 fxe5 14. fxe5 Ndxe5 15. dxe5 Nxe5 16. Nxe5 Rf2+ 17. Kh3 Bf6 18. Nf4 g5 19. Bxh7+ Kf8 20. Qh5 Bxe5 21. Ng6+ Kg7 22. Nxe5 g4+ 23. Qxg4+ Kxh7 24. Qg6+ Kh8 25. Bf4 Rxf4 26. gxf4 Qe3+ 27. Qg3 Qe4 28. Nf7+ Kh7 29. Ng5+ 1-0

[Event "HUN-chT1 Maroczy 2122"]
[Site "Hungary"]
[Date "2022.04.10"]
[Round "11.6"]
[White "Farkas, Sandor I"]
[Black "Farkas, Adam"]
[Result "1/2-1/2"]
[WhiteElo "2015"]
[BlackElo "2171"]
[PlyCount "31"]
[EventDate "2021.10.10"]
[EventType "team-tourn"]
[EventRounds "11"]
[EventCountry "HUN"]
[SourceTitle "EXT 2025"]
[Source "ChessBase"]
[SourceDate "2024.10.14"]
[SourceVersion "1"]
[SourceVersionDate "2024.10.14"]
[SourceQuality "1"]
[WhiteTeam "Meritum Egyesulet"]
[BlackTeam "Nyiregyhaza VSC"]
[WhiteTeamCountry "HUN"]
[BlackTeamCountry "HUN"]

1. e4 e5 2. Nf3 Nf6 3. Nxe5 d6 4. Nf3 Nxe4 5. Nc3 Nxc3 6. dxc3 Be7 7. Be3 Nd7 8. Qd2 0-0 9. 0-0-0 Nc5 10. Nd4 Re8 11. Bd3 Nxd3+ 12. Qxd3 Bg4 13. Rdg1 c6 14. f4 c5 15. Ne2 Bf8 16. Re1 1/2-1/2

[Event "HUN-chT2 Barcza 1819"]
[Site "Hungary"]
[Date "2018.10.28"]
[Round "3.4"]
[White "Toth, Tibor3"]
[Black "Farkas, Adam"]
[Result "0-1"]
[WhiteElo "1877"]
[BlackElo "2161"]
[PlyCount "54"]
[EventDate "2018.09.23"]
[EventType "team-tourn"]
[EventRounds "11"]
[EventCountry "HUN"]
[SourceTitle "CBM 189 Extra"]
[Source "ChessBase"]
[SourceDate "2019.05.31"]
[SourceVersion "1"]
[SourceVersionDate "2019.05.31"]
[SourceQuality "1"]
[WhiteTeam "Nyiregyhaza"]
[BlackTeam "Nyiregyhaza SISE"]
[WhiteTeamCountry "HUN"]
[BlackTeamCountry "HUN"]

1. e4 Nf6 2. e5 Nd5 3. c4 Nb6 4. d4 d6 5. Nf3 Nc6 6. exd6 exd6 7. Bd3 Bg4 8. Be3 Be7 9. Nc3 Bf6 10. Ne2 Qe7 11. 0-0 0-0 12. Qd2 Rfe8 13. b4 d5 14. c5 Nd7 15. Rfe1 Bxf3 16. gxf3 Nf8 17. Rac1 Ng6 18. Ng3 Nh4 19. Be2 Qd7 20. Kh1 Qh3 21. Rg1 g6 22. b5 Nxd4 23. Bxd4 Bxd4 24. Bf1 Qxh2+ 25. Kxh2 Nxf3+ 26. Kg2 Nxd2 27. Bd3 Be5 0-1

[Event "HUN-chT2 Barcza 1718"]
[Site "Hungary"]
[Date "2018.05.06"]
[Round "11.1"]
[White "Cselenyi, Balazs"]
[Black "Farkas, Adam"]
[Result "0-1"]
[WhiteElo "2170"]
[BlackElo "2165"]
[PlyCount "104"]
[EventDate "2017.09.24"]
[EventType "team-tourn"]
[EventRounds "11"]
[EventCountry "HUN"]
[SourceTitle "EXT 2021"]
[Source "ChessBase"]
[SourceDate "2020.10.23"]
[SourceVersion "1"]
[SourceVersionDate "2020.10.23"]
[SourceQuality "1"]
[WhiteTeam "Debrecen Sakkbaratok"]
[BlackTeam "Bajnok Sakkiskola"]
[WhiteTeamCountry "HUN"]
[BlackTeamCountry "HUN"]

1. Nf3 Nf6 2. c4 g6 3. Nc3 Bg7 4. d4 c5 5. d5 d6 6. e4 0-0 7. Be2 b5 8. cxb5 a6 9. 0-0 axb5 10. Bxb5 Ba6 11. Bxa6 Nxa6 12. Bf4 Qb6 13. Qe2 Rfb8 14. Rab1 Nc7 15. e5 Nfxd5 16. Nxd5 Nxd5 17. Bg5 Nc3 18. bxc3 Qxb1 19. Rxb1 Rxb1+ 20. Ne1 Rxa2 21. Qe4 Raa1 22. Bd2 Bxe5 23. f4 Rxe1+ 24. Bxe1 Bxc3 25. Kf2 Bxe1+ 26. Kf3 Bh4 27. g3 Bf6 28. h4 h5 29. g4 Ra3+ 30. Kg2 hxg4 31. f5 Ra2+ 32. Kg3 Be5+ 33. Kxg4 Rf2 34. Qa8+ Kg7 35. fxg6 fxg6 36. Qe8 Rf4+ 37. Kg5 Rf5+ 38. Kg4 Bf6 39. Qc6 Rh5 40. Kg3 Rxh4 41. Kg2 c4 42. Kg3 c3 43. Kg2 Rh5 44. Qe4 d5 45. Qd3 d4 46. Qc4 Re5 47. Kf2 Re3 48. Qc5 Rd3 49. Ke2 Rd2+ 50. Ke1 d3 51. Qc4 Re2+ 52. Kf1 c2 0-1

[Event "HUN-chT2 Barcza 1617"]
[Site "Hungary"]
[Date "2016.11.27"]
[Round "5.1"]
[White "Kiss, Pal"]
[Black "Farkas, Adam"]
[Result "1/2-1/2"]
[WhiteElo "2275"]
[BlackElo "2131"]
[PlyCount "44"]
[EventDate "2016.09.25"]
[EventType "team-tourn"]
[EventRounds "11"]
[EventCountry "HUN"]
[SourceTitle "EXT 2021"]
[Source "ChessBase"]
[SourceDate "2020.10.23"]
[SourceVersion "1"]
[SourceVersionDate "2020.10.23"]
[SourceQuality "1"]
[WhiteTeam "Sajobabony"]
[BlackTeam "Bajnok Sakkiskola"]
[WhiteTeamCountry "HUN"]
[BlackTeamCountry "HUN"]

1. d4 Nf6 2. c4 c5 3. d5 b5 4. cxb5 a6 5. bxa6 g6 6. Nc3 Bxa6 7. e4 Bxf1 8. Kxf1 d6 9. Nf3 Bg7 10. g3 0-0 11. Kg2 Nbd7 12. Re1 Ra6 13. e5 dxe5 14. Nxe5 Nxe5 15. Rxe5 Ne8 16. Re1 Rd6 17. Bg5 Bf6 18. Qc1 Qd7 19. Qe3 Bxg5 20. Qxg5 Nf6 21. Rad1 Rd8 22. Rd2 Qb7 1/2-1/2

[Event "HUN-chT2 Barcza 1617"]
[Site "Hungary"]
[Date "2016.11.13"]
[Round "4.1"]
[White "Farkas, Adam"]
[Black "Cselenyi, Balazs"]
[Result "1/2-1/2"]
[WhiteElo "2131"]
[BlackElo "2233"]
[PlyCount "113"]
[EventDate "2016.09.25"]
[EventType "team-tourn"]
[EventRounds "11"]
[EventCountry "HUN"]
[SourceTitle "EXT 2021"]
[Source "ChessBase"]
[SourceDate "2020.10.23"]
[SourceVersion "1"]
[SourceVersionDate "2020.10.23"]
[SourceQuality "1"]
[WhiteTeam "Bajnok Sakkiskola"]
[BlackTeam "Debrecen Sakkbaratok"]
[WhiteTeamCountry "HUN"]
[BlackTeamCountry "HUN"]

1. e4 c5 2. c3 d5 3. exd5 Qxd5 4. d4 e6 5. Nf3 Nf6 6. Na3 cxd4 7. Nb5 Na6 8. Qxd4 Bc5 9. Qxd5 Nxd5 10. Bc4 Ndc7 11. Nxc7+ Nxc7 12. Bf4 Bb6 13. 0-0-0 0-0 14. Rd2 Nd5 15. Bg3 Nf6 16. Re1 Rd8 17. Rxd8+ Bxd8 18. Nd4 a6 19. f3 Bd7 20. Rd1 Rc8 21. Bb3 b5 22. Kb1 Kf8 23. Bc2 Be7 24. Nb3 Ke8 25. Na5 Rc5 26. Nb7 Rd5 27. Rxd5 Nxd5 28. Bf2 Bc6 29. Na5 Ba8 30. Be4 f5 31. Bd3 Nf4 32. Bf1 e5 33. g3 Ne6 34. Be2 f4 35. a4 Bd8 36. b4 bxa4 37. Bxa6 Bxf3 38. Bb5+ Kf7 39. gxf4 exf4 40. Nc6 Bf6 41. c4 g5 42. Bxa4 g4 43. b5 Bxc6 44. bxc6 Be5 45. Bc2 h5 46. Kc1 Ng5 47. Bb6 Ne6 48. Be4 f3 49. h3 Ng5 50. Bd5+ Ke7 51. c7 Kd7 52. h4 f2 53. Bxf2 Nh3 54. Bb6 Bxc7 55. Bxc7 Kxc7 56. Kd2 Nf4 57. Bf7 1/2-1/2

[Event "HUN-chT2 Barcza 1314"]
[Site "Hungary"]
[Date "2014.02.16"]
[Round "7"]
[White "Papp, Abel"]
[Black "Farkas, Adam"]
[Result "1/2-1/2"]
[WhiteElo "2187"]
[BlackElo "2169"]
[PlyCount "85"]
[EventDate "2013.09.08"]
[EventType "team-tourn"]
[EventRounds "11"]
[EventCountry "HUN"]
[SourceTitle "EXT 2016"]
[Source "ChessBase"]
[SourceDate "2015.10.08"]
[SourceVersion "1"]
[SourceVersionDate "2015.10.08"]
[SourceQuality "1"]
[WhiteTeam "Miskolc EMSE"]
[BlackTeam "Debrecen EAC"]
[WhiteTeamCountry "HUN"]
[BlackTeamCountry "HUN"]

1. e4 e5 2. Bc4 Nf6 3. d3 c6 4. Nf3 Be7 5. 0-0 d5 6. exd5 cxd5 7. Bb5+ Bd7 8. Bxd7+ Nbxd7 9. Re1 e4 10. dxe4 dxe4 11. Nfd2 Nc5 12. Nc3 0-0 13. Qe2 Qb6 14. Nb3 Nxb3 15. axb3 Bb4 16. Bg5 Rfe8 17. Bxf6 Qxf6 18. Nd5 Qd6 19. Nxb4 Qxb4 20. Ra4 Qe7 21. Rxe4 Qxe4 22. Qxe4 Rxe4 23. Rxe4 Rd8 24. Kf1 Kf8 25. Ke2 g6 26. b4 a6 27. Rc4 Rd7 28. Ke3 Rd6 29. Rd4 Rb6 30. Kd3 Ke7 31. b3 h5 32. Kc3 Rf6 33. f3 Rf5 34. Kc4 Rg5 35. g3 Rf5 36. f4 Ke6 37. Kd3 Rb5 38. Ke4 Rb6 39. c3 Rb5 40. h3 a5 41. Kd3 axb4 42. cxb4 Rb6 43. Re4+ 1/2-1/2

[Event "HUN-chT2 Barcza 1314"]
[Site "Hungary"]
[Date "2013.11.17"]
[Round "5"]
[White "Farkas, Adam"]
[Black "Kiss, Pal"]
[Result "0-1"]
[WhiteElo "2169"]
[BlackElo "2337"]
[PlyCount "48"]
[EventDate "2013.09.08"]
[EventType "team-tourn"]
[EventRounds "11"]
[EventCountry "HUN"]
[SourceTitle "EXT 2016"]
[Source "ChessBase"]
[SourceDate "2015.10.08"]
[SourceVersion "1"]
[SourceVersionDate "2015.10.08"]
[SourceQuality "1"]
[WhiteTeam "Debrecen EAC"]
[BlackTeam "Sajobabony"]
[WhiteTeamCountry "HUN"]
[BlackTeamCountry "HUN"]

1. d4 d5 2. c4 dxc4 3. Nc3 c6 4. e3 b5 5. a4 b4 6. Nb1 Ba6 7. Nf3 Nf6 8. Be2 e6 9. 0-0 Be7 10. Ne5 0-0 11. Nd2 Bb7 12. a5 c5 13. dxc5 Bxc5 14. Ndxc4 Nbd7 15. Bf3 Nxe5 16. Nxe5 Qc7 17. Bxb7 Qxb7 18. Qb3 Rfd8 19. Rd1 Rxd1+ 20. Qxd1 Be7 21. Qf3 Rd8 22. Bd2 Qc7 23. Nc6 Rxd2 24. Rc1 Bf8 0-1

[Event "HUN-chT2 Barcza 1314"]
[Site "Hungary"]
[Date "2013.11.03"]
[Round "4"]
[White "Zambo, Zoltan Istvan"]
[Black "Farkas, Adam"]
[Result "1/2-1/2"]
[WhiteElo "2392"]
[BlackElo "2169"]
[PlyCount "72"]
[EventDate "2013.09.08"]
[EventType "team-tourn"]
[EventRounds "11"]
[EventCountry "HUN"]
[SourceTitle "EXT 2016"]
[Source "ChessBase"]
[SourceDate "2015.10.08"]
[SourceVersion "1"]
[SourceVersionDate "2015.10.08"]
[SourceQuality "1"]
[WhiteTeam "Miskolc KisBocsok"]
[BlackTeam "Debrecen EAC"]
[WhiteTeamCountry "HUN"]
[BlackTeamCountry "HUN"]

1. c4 e5 2. g3 Nf6 3. Bg2 d5 4. cxd5 Nxd5 5. Nc3 Nb6 6. Nf3 Nc6 7. 0-0 Be7 8. a4 a5 9. d4 exd4 10. Nb5 0-0 11. Nfxd4 Nb4 12. Bf4 N6d5 13. Bd2 c6 14. Nc3 Bf6 15. e3 Bxd4 16. exd4 Bf5 17. Nxd5 Nxd5 18. Qb3 Nb6 19. Bg5 Qxg5 20. Qxb6 Bc8 21. Rfe1 Ra6 22. Qc7 Qd8 23. Qe5 Be6 24. Ra3 Rb6 25. Qxa5 Qxd4 26. Qc3 Rd8 27. a5 Rxb2 28. Qxd4 Rxd4 29. a6 bxa6 30. Rxa6 g6 31. Bxc6 Rdd2 32. Ra8+ Kg7 33. Ra7 Kh6 34. Rf1 Bc4 35. Rc1 Be6 36. Rf1 Bc4 1/2-1/2

[Event "HUN-chT2 Breyer 1213"]
[Site "Hungary"]
[Date "2012.09.16"]
[Round "1.10"]
[White "Farkas, Adam"]
[Black "Papp, Jozsef"]
[Result "1-0"]
[WhiteElo "2116"]
[BlackElo "1770"]
[PlyCount "89"]
[EventDate "2012.09.16"]
[EventType "team-tourn"]
[EventRounds "11"]
[EventCountry "HUN"]
[SourceTitle "EXT 2014"]
[Source "ChessBase"]
[SourceDate "2013.11.20"]
[SourceVersion "1"]
[SourceVersionDate "2013.11.20"]
[SourceQuality "1"]
[WhiteTeam "Husi"]
[BlackTeam "Turul"]
[WhiteTeamCountry "HUN"]
[BlackTeamCountry "HUN"]

1. e4 c5 2. Nf3 g6 3. d4 Bg7 4. c3 cxd4 5. cxd4 d6 6. Nc3 a6 7. Bc4 e6 8. 0-0 Nf6 9. a4 0-0 10. Bg5 Qc7 11. Qe2 Nc6 12. Rac1 Qb6 13. Rfd1 Bd7 14. e5 Ne8 15. d5 Nxe5 16. Nxe5 Bxe5 17. Be7 Nc7 18. Bxf8 Kxf8 19. dxe6 fxe6 20. Rd3 Kg7 21. Nd1 Bxa4 22. Ne3 Bf4 23. g3 Bh6 24. b3 Bc6 25. Rxd6 Qc5 26. Rcd1 Qe5 27. Ng4 Qxe2 28. Rd7+ Bxd7 29. Rxd7+ Kf8 30. Bxe2 Bg7 31. Rxc7 Rb8 32. Bc4 h5 33. Bxe6 Bd4 34. Rf7+ Ke8 35. Nf6+ Bxf6 36. Rxf6 g5 37. Rf7 b5 38. Rh7 Rb6 39. Bf7+ Kf8 40. Bxh5 a5 41. Ra7 a4 42. bxa4 bxa4 43. Rxa4 Kg7 44. Be2 Kf6 45. Ra6 1-0

[Event "HUN-chT2 Barcza 1112 "]
[Site "Hungary"]
[Date "2012.02.19"]
[Round "6"]
[White "Hegedus, Gyorgy"]
[Black "Farkas, Adam"]
[Result "0-1"]
[WhiteElo "2099"]
[BlackElo "2112"]
[PlyCount "72"]
[EventDate "2011.09.25"]
[EventType "team-tourn"]
[EventRounds "11"]
[EventCountry "HUN"]
[SourceTitle "EXT 2013"]
[Source "ChessBase"]
[SourceDate "2012.11.22"]
[SourceVersion "1"]
[SourceVersionDate "2012.11.22"]
[SourceQuality "1"]
[WhiteTeam "Debrecen Betu"]
[BlackTeam "DEAC"]
[WhiteTeamCountry "HUN"]
[BlackTeamCountry "HUN"]

1. d4 e6 2. Nf3 Nf6 3. Bg5 h6 4. Bh4 g5 5. Bg3 Ne4 6. Nbd2 Nxg3 7. hxg3 Bg7 8. c3 d6 9. e3 Qe7 10. Bd3 Nc6 11. Qa4 Bd7 12. Qc2 0-0-0 13. 0-0-0 f5 14. e4 Rhf8 15. Rde1 f4 16. g4 Kb8 17. Ng1 Rc8 18. f3 Nd8 19. Kb1 c5 20. dxc5 Rxc5 21. Nb3 Rc7 22. Ne2 Nc6 23. Qd1 Ne5 24. Ned4 a6 25. Qe2 Rfc8 26. Rc1 Be8 27. Qd2 Nxd3 28. Qxd3 Bg6 29. Rcd1 Rd7 30. Rhe1 d5 31. Nf5 Qf8 32. Nxg7 Rxg7 33. Nd2 Rd8 34. Qe2 Rgd7 35. Kc1 Rc8 36. exd5 Rxc3+ 0-1

[Event "HUN-chT2 Barcza 1011"]
[Site "Hungary"]
[Date "2011.05.01"]
[Round "10.3"]
[White "Farkas, Adam"]
[Black "Gal, Tamas"]
[Result "1/2-1/2"]
[WhiteElo "2117"]
[BlackElo "2108"]
[PlyCount "109"]
[EventDate "2010.09.12"]
[EventType "team-tourn"]
[EventRounds "11"]
[EventCountry "HUN"]
[SourceTitle "EXT 2012"]
[Source "ChessBase"]
[SourceDate "2011.11.24"]
[SourceVersion "1"]
[SourceVersionDate "2011.11.24"]
[SourceQuality "1"]
[WhiteTeam "DEAC"]
[BlackTeam "Piremon"]
[WhiteTeamCountry "HUN"]
[BlackTeamCountry "HUN"]

1. f4 c6 2. Nf3 d5 3. g3 Nf6 4. Bg2 g6 5. 0-0 Bg7 6. d3 Qb6+ 7. Kh1 Ng4 8. d4 Bf5 9. e3 0-0 10. Ne5 h5 11. Qe2 f6 12. Nxg4 Bxg4 13. Qd3 Bf5 14. e4 dxe4 15. Bxe4 Bxe4+ 16. Qxe4 f5 17. Qe6+ Kh7 18. c3 c5 19. Qxb6 axb6 20. Be3 cxd4 21. Bxd4 Bxd4 22. cxd4 Rd8 23. Rd1 e5 24. fxe5 Nc6 25. d5 Nxe5 26. Nc3 Rd7 27. Re1 Nd3 28. Re2 Rad8 29. a3 Nc5 30. Rae1 Ne4 31. Nxe4 fxe4 32. Rxe4 Rxd5 33. Kg2 Rd2+ 34. R1e2 Kg7 35. Kf3 R8d3+ 36. R4e3 Kf6 37. Rxd3 Rxd3+ 38. Ke4 Rd1 39. Re3 Rd6 40. Rf3+ Ke6 41. h3 Rd2 42. Kf4 Rd5 43. g4 g5+ 44. Ke4 hxg4 45. hxg4 Rb5 46. b3 Ra5 47. b4 Re5+ 48. Kd4 Rd5+ 49. Ke4 Re5+ 50. Kd4 Rd5+ 51. Kc3 b5 52. Re3+ Re5 53. Rh3 Re4 54. Rh7 Kd6 55. Rxb7 1/2-1/2

[Event "Hessenliga 1011"]
[Site "Germany"]
[Date "2011.02.13"]
[Round "6.8"]
[White "Syperek, Sebastian"]
[Black "Farkas, Adam"]
[Result "1-0"]
[WhiteElo "2198"]
[BlackElo "2116"]
[PlyCount "69"]
[EventDate "2010.09.26"]
[EventType "team-tourn"]
[EventRounds "9"]
[EventCountry "GER"]
[SourceTitle "EXT 2012"]
[Source "ChessBase"]
[SourceDate "2011.11.24"]
[SourceVersion "1"]
[SourceVersionDate "2011.11.24"]
[SourceQuality "1"]
[WhiteTeam "Eppstein"]
[BlackTeam "Marburg"]
[WhiteTeamCountry "GER"]
[BlackTeamCountry "GER"]

1. d4 d5 2. c4 c6 3. Nf3 Nf6 4. Nc3 a6 5. e3 b5 6. b3 Bg4 7. h3 Bh5 8. g4 Bg6 9. Ne5 e6 10. h4 Bb4 11. Bd2 Bxc3 12. Bxc3 Ne4 13. Rc1 Nxc3 14. Rxc3 f6 15. Nxg6 hxg6 16. Qc2 g5 17. h5 Qa5 18. cxd5 exd5 19. Bd3 Ra7 20. Kf1 Qd8 21. Bg6+ Kf8 22. Kg2 Qd6 23. Rc1 Rc7 24. f3 Ke7 25. e4 Rd8 26. Re1 Kf8 27. Rce3 Re7 28. e5 Qb4 29. exf6 Rxe3 30. fxg7+ Kxg7 31. Rxe3 Nd7 32. Qf5 Qd2+ 33. Kg3 Kh6 34. Be8 Nf8 35. Qxf8+ 1-0

[Event "HUN-chT2 Barcza 0910"]
[Site "Hungary"]
[Date "2010.04.11"]
[Round "9.2"]
[White "Forgacs, Jozsef"]
[Black "Farkas, Adam"]
[Result "1/2-1/2"]
[WhiteElo "2246"]
[BlackElo "2112"]
[PlyCount "40"]
[EventDate "2009.11.08"]
[EventType "team-tourn"]
[EventRounds "11"]
[EventCountry "HUN"]
[SourceTitle "EXT 2011"]
[Source "ChessBase"]
[SourceDate "2010.11.26"]
[SourceVersion "1"]
[SourceVersionDate "2010.11.26"]
[SourceQuality "1"]
[WhiteTeam "Debrecen Betu"]
[BlackTeam "DEAC"]
[WhiteTeamCountry "HUN"]
[BlackTeamCountry "HUN"]

1. d4 Nf6 2. c4 c5 3. d5 b5 4. cxb5 g6 5. Nc3 a6 6. bxa6 Bxa6 7. g3 d6 8. Bg2 Bg7 9. Nf3 0-0 10. 0-0 Nbd7 11. Qc2 Qa5 12. Rd1 Rfb8 13. Rb1 Ne8 14. Bd2 Nc7 15. b3 Qa3 16. Bc1 Qa5 17. Bd2 Qa3 18. Bc1 Qa5 19. Bd2 Qa3 20. Bc1 Qa5 1/2-1/2

[Event "HUN-chT2 Barcza 0910"]
[Site "Hungary"]
[Date "2010.02.28"]
[Round "7.2"]
[White "Farkas, Adam"]
[Black "Kanyadi, Zoltan"]
[Result "1/2-1/2"]
[WhiteElo "2112"]
[BlackElo "2114"]
[PlyCount "61"]
[EventDate "2009.11.08"]
[EventType "team-tourn"]
[EventRounds "11"]
[EventCountry "HUN"]
[SourceTitle "EXT 2011"]
[Source "ChessBase"]
[SourceDate "2010.11.26"]
[SourceVersion "1"]
[SourceVersionDate "2010.11.26"]
[SourceQuality "1"]
[WhiteTeam "DEAC"]
[BlackTeam "Debrecen Sakkbaratok"]
[WhiteTeamCountry "HUN"]
[BlackTeamCountry "HUN"]

1. d4 Nf6 2. Nf3 g6 3. c4 Bg7 4. Nc3 0-0 5. g3 c5 6. Bg2 cxd4 7. Nxd4 Nc6 8. 0-0 Qb6 9. Nxc6 dxc6 10. Qb3 Be6 11. Nd1 Nd7 12. Qc2 Qa6 13. c5 Qc4 14. Qxc4 Bxc4 15. Be3 Bxe2 16. Re1 Bc4 17. a3 Nf6 18. Rc1 Bd5 19. Nc3 Bxg2 20. Kxg2 Rfd8 21. Bg5 Rd7 22. Rc2 h6 23. Bc1 e6 24. Ne4 Nxe4 25. Rxe4 Rad8 26. Ra4 a6 27. Rb4 f5 28. f4 Rc7 29. Be3 Rd5 30. Rcc4 Kf7 31. Rb6 1/2-1/2

[Event "HUN-chT2 Barcza 0910"]
[Site "Hungary"]
[Date "2009.11.22"]
[Round "2.2"]
[White "Ligart, Tamas"]
[Black "Farkas, Adam"]
[Result "1-0"]
[WhiteElo "2280"]
[BlackElo "2112"]
[PlyCount "41"]
[EventDate "2009.11.08"]
[EventType "team-tourn"]
[EventRounds "11"]
[EventCountry "HUN"]
[SourceTitle "EXT 2011"]
[Source "ChessBase"]
[SourceDate "2010.11.26"]
[SourceVersion "1"]
[SourceVersionDate "2010.11.26"]
[SourceQuality "1"]
[WhiteTeam "Edeleny"]
[BlackTeam "DEAC"]
[WhiteTeamCountry "HUN"]
[BlackTeamCountry "HUN"]

1. e4 e6 2. d4 d5 3. Nd2 Nf6 4. e5 Nfd7 5. c3 c5 6. f4 Nc6 7. Ndf3 Qb6 8. g3 cxd4 9. cxd4 Bb4+ 10. Kf2 f6 11. Kg2 0-0 12. Bd3 Be7 13. Ne2 g5 14. exf6 Bxf6 15. fxg5 Bxd4 16. Nexd4 Nxd4 17. Nxd4 e5 18. Be3 exd4 19. Bxd4 Qe6 20. Qh5 Qf7 21. g6 1-0